[Event "Copenhagen Chess Challenge GM 2024"]
[Site "Ballerup"]
[Date "2024.08.09"]
[Round "5.1"]
[Board "1"]
[White "Kistrup, Nicolai"]
[Black "Hacker, Jonas"]
[Result "1-0"]
[WhiteElo "2363"]
[BlackElo "2380"]
[EventDate "2024.08.07"]
[EventType "tourn"]
[EventRounds "9"]
[EventCountry "DEN"]
[SourceTitle "Live v. Michael Andersen"]

1. e4 c5 2. Nf3 e6 3. c3 Nf6 4. e5 Nd5 5. d4 cxd4 
6. cxd4 d6 7. Bc4 Be7 8. O-O O-O 9. Re1 b6 10. Bxd5 exd5 
11. Nc3 Be6 12. Bf4 Nc6 13. Nb5 dxe5 14. Nxe5 Nxe5 15. Bxe5 Qd7 
16. Qb3 Rac8 17. Qg3 f6 18. Bd6 Bxd6 19. Qxd6 Qxb5 20. Qxe6+ Kh8 
21. b3 h6 22. g3 Rfe8 23. Qf7 Re4 24. Qxa7 Rce8 25. Rxe4 dxe4 
26. Re1 Qb4 27. Rxe4 Rd8 28. Qc7 Rd5 29. Re8+ Kh7 30. Re7 Kh8 
31. Qc8+ Kh7 32. Qf8 1-0

[Event "Copenhagen Chess Challenge GM 2024"]
[Site "Ballerup"]
[Date "2024.08.09"]
[Round "5.2"]
[Board "2"]
[White "Kjartansson, Gudmundur"]
[Black "Jacobsen, Mikkel Manosri"]
[Result "1-0"]
[WhiteElo "2474"]
[BlackElo "2276"]
[EventDate "2024.08.07"]
[EventType "tourn"]
[EventRounds "9"]
[EventCountry "DEN"]
[SourceTitle "Live v. Michael Andersen"]

1. c4 e5 2. g3 Nf6 3. Bg2 h6 4. Nc3 Bb4 5. e4 Bxc3 
6. dxc3 d6 7. Qc2 Be6 8. b3 Nbd7 9. Nf3 O-O 10. Nd2 a6 
11. a4 Rb8 12. a5 Nh7 13. O-O Kh8 14. Qd3 f5 15. exf5 Bxf5 
16. Qe3 Qc8 17. Ba3 Ndf6 18. Nf3 e4 19. Nh4 Ng5 20. Qd4 Bh7 
21. f4 exf3 22. Nxf3 Nh3+ 23. Kh1 Ne4 24. c5 Rf6 25. Rae1 Qg4 
26. cxd6 cxd6 27. Re2 Rbf8 28. Qe3 Nef2+ 29. Rfxf2 Nxf2+ 30. Rxf2 Be4 
31. Ng1 Rxf2 32. Qxe4 Qxe4 33. Bxe4 Re8 34. Bxb7 Re3 35. Bxd6 Rxc3 
36. b4 Rd2 37. Bf4 Rd4 38. Be5 Rxb4 39. Bxc3 Rxb7 40. Kg2 Kh7 
41. Ne2 Kg6 42. Bd4 Kf5 43. Bb6 Rd7 44. Nd4+ Ke4 45. Ne6 Rd2+ 
46. Kh3 g5 47. Kg4 Rxh2 48. Nc5+ Kd5 49. Nxa6 h5+ 50. Kxg5 Rh3 
51. Bc7 Kc6 52. Bf4 Kb5 53. Nc7+ Kxa5 54. Nd5 Kb5 55. Nf6 Kc4 
56. Nxh5 Rxg3+ 57. Nxg3 Kd4 58. Kf5 Kd5 59. Be5 Kc6 60. Ke6 Kc5 
61. Ne2 Kc6 62. Bd6 Kb5 63. Kd5 Kb6 64. Nc3 Ka5 65. Kc6 Ka6 
66. Nd5 Ka5 67. Nb6 Ka6 68. Bb8 Ka5 69. Nd5 Ka4 70. Kc5 Kb3 
71. Nb4 Kc3 72. Bf4 Kb3 73. Be5 Ka4 74. Kc4 Ka3 75. Bd4 Ka4 
76. Bb6 Ka3 77. Nd3 Ka4 78. Nb2+ Ka3 79. Kc3 Ka2 80. Kc2 Ka1 
81. Bc5 Ka2 82. Nd3 Ka1 83. Bd6 Ka2 84. Nc1+ Ka1 85. Be5# 1-0

[Event "Copenhagen Chess Challenge GM 2024"]
[Site "Ballerup"]
[Date "2024.08.09"]
[Round "5.3"]
[Board "3"]
[White "Kunin, Vitaly"]
[Black "Nielsen, Viktor Haarmark"]
[Result "1-0"]
[WhiteElo "2523"]
[BlackElo "2363"]
[EventDate "2024.08.07"]
[EventType "tourn"]
[EventRounds "9"]
[EventCountry "DEN"]
[SourceTitle "Live v. Michael Andersen"]

1. d4 Nf6 2. c4 e6 3. Nc3 Bb4 4. Nf3 O-O 5. Bg5 c5 
6. Rc1 cxd4 7. Nxd4 d5 8. cxd5 Qxd5 9. Bxf6 gxf6 10. e3 Bd7 
11. Be2 Nc6 12. O-O Bxc3 13. Rxc3 Nxd4 14. exd4 Bc6 15. Bf3 Qb5 
16. Bxc6 bxc6 17. Qc1 Kh8 18. Rxc6 Rad8 19. Rc7 a6 20. Rc5 Qd3 
21. Rd1 Qe4 22. Qe3 Qxe3 23. fxe3 Rd6 24. Rdc1 Rfd8 25. Rc6 Kg7 
26. Kf2 e5 27. Rxd6 Rxd6 28. Rc4 f5 29. b4 f4 30. a4 fxe3+ 
31. Kxe3 exd4+ 32. Rxd4 Re6+ 33. Kd3 Re1 34. b5 axb5 35. axb5 Rb1 
36. Kc4 Rb2 37. Kc5 Rxg2 38. b6 Rxh2 39. b7 Rb2 40. Rb4 1-0

[Event "Copenhagen Chess Challenge GM 2024"]
[Site "Ballerup"]
[Date "2024.08.09"]
[Round "5.4"]
[Board "4"]
[White "Vinther Schou, Uffe"]
[Black "Hector, Jonny"]
[Result "0-1"]
[WhiteElo "2340"]
[BlackElo "2438"]
[EventDate "2024.08.07"]
[EventType "tourn"]
[EventRounds "9"]
[EventCountry "DEN"]
[SourceTitle "Live v. Michael Andersen"]

1. c4 e5 2. Nc3 Bb4 3. Nd5 a5 4. Nf3 e4 5. Nd4 Ne7 
6. Qc2 O-O 7. Nxb4 axb4 8. Qxe4 d5 9. cxd5 Nxd5 10. e3 Re8 
11. Qc2 Nf4 12. Nf3 b6 13. b3 Ra5 14. d4 c5 15. Bb2 cxd4 
16. Bxd4 Bb7 17. Qb2 Ne6 18. O-O-O Nd7 19. Kb1 Qa8 20. Bc4 Ndc5 
21. Ne5 Ne4 22. f3 Nxd4 23. Bxf7+ Kf8 24. fxe4 Rexe5 25. Bd5 Raxd5 
26. exd5 Nb5 27. Rhf1+ Kg8 28. Qxe5 Nc3+ 29. Kc2 Qxa2+ 30. Kd3 Ba6+ 
31. Kd4 Nb5+ 32. Ke4 Qxg2+ 33. Kf4 Qxh2+ 34. Kf5 Bc8+ 35. Ke4 Nd6+ 
0-1

[Event "Copenhagen Chess Challenge GM 2024"]
[Site "Ballerup"]
[Date "2024.08.09"]
[Round "5.5"]
[Board "5"]
[White "Jogstad, Martin"]
[Black "Haubro, Martin"]
[Result "1/2-1/2"]
[WhiteElo "2383"]
[BlackElo "2390"]
[EventDate "2024.08.07"]
[EventType "tourn"]
[EventRounds "9"]
[EventCountry "DEN"]
[SourceTitle "Live v. Michael Andersen"]

1. d4 Nf6 2. c4 e6 3. g3 d5 4. Nf3 Bb4+ 5. Bd2 Be7 
6. Bg2 Nbd7 7. Qc2 c6 8. Bf4 O-O 9. O-O Nh5 10. Bc1 Nhf6 
11. Bf4 Nh5 12. Bc1 Nhf6 13. Rd1 b6 14. Nbd2 Bb7 15. e4 dxe4 
16. Nxe4 Nxe4 17. Qxe4 Qc8 18. Qe2 Re8 19. Bg5 Bf8 20. Rd2 h6 
21. Be3 c5 22. Rad1 cxd4 23. Rxd4 Nf6 24. Ne5 Bxg2 25. Kxg2 Bc5 
26. R4d3 Bxe3 27. Qxe3 Qc7 28. f4 Rad8 29. Qf3 Rxd3 30. Qxd3 Qb7+ 
31. Qf3 Qa6 32. a3 Qa4 33. Rd2 Rf8 34. Qd1 Qe8 35. Rd4 g6 
36. Qd3 Kg7 37. Qc3 Kg8 38. Qd3 Qc8 39. b4 h5 40. Rd6 Kg7 
41. Qd4 Qa8+ 42. Kg1 Kh7 43. Nd7 Nxd7 44. Rxd7 Kg8 45. c5 bxc5 
46. Qxc5 a6 47. Rc7 Qd8 48. Qc3 Qd1+ 49. Kf2 Qh1 50. h4 Qh2+ 
51. Kf3 Qh1+ 52. Kf2 Qh2+ 53. Kf3 Qh1+ 1/2-1/2

[Event "Copenhagen Chess Challenge GM 2024"]
[Site "Ballerup"]
[Date "2024.08.10"]
[Round "6.1"]
[Board "1"]
[White "Kistrup, Nicolai"]
[Black "Jogstad, Martin"]
[Result "1/2-1/2"]
[WhiteElo "2363"]
[BlackElo "2383"]
[EventDate "2024.08.07"]
[EventType "tourn"]
[EventRounds "9"]
[EventCountry "DEN"]
[SourceTitle "Live v. Michael Andersen"]

1. d4 Nf6 2. c4 c6 3. Nf3 d5 4. e3 Bg4 5. h3 Bh5 
6. Nc3 e6 7. cxd5 cxd5 8. Qb3 Bxf3 9. Qxb7 Bxg2 10. Bxg2 Nbd7 
11. O-O Be7 12. e4 dxe4 13. Nxe4 Nxe4 14. Qxe4 Rc8 15. d5 exd5 
16. Qxd5 O-O 17. Rd1 Nb6 18. Qxd8 Rfxd8 19. Be3 Bf6 20. Rxd8+ Rxd8 
21. Rb1 h6 22. b3 Nd5 23. Bxd5 Rxd5 24. Bxa7 Ra5 25. Be3 Rxa2 
26. b4 Kf8 27. b5 Ra1 28. Rxa1 Bxa1 29. Kg2 Ke7 30. Kf3 Ke6 
31. Ke4 f5+ 32. Kd3 Kd5 33. b6 Be5 34. f4 Bd6 35. h4 g6 
36. Bd2 Kc6 37. Kc4 Be7 38. Be1 Bd6 39. Bd2 Be7 40. Be1 Bd6 
41. Bd2 Be7 1/2-1/2

[Event "Copenhagen Chess Challenge GM 2024"]
[Site "Ballerup"]
[Date "2024.08.10"]
[Round "6.2"]
[Board "2"]
[White "Jacobsen, Mikkel Manosri"]
[Black "Kunin, Vitaly"]
[Result "1-0"]
[WhiteElo "2276"]
[BlackElo "2523"]
[EventDate "2024.08.07"]
[EventType "tourn"]
[EventRounds "9"]
[EventCountry "DEN"]
[SourceTitle "Live v. Michael Andersen"]

1. c4 Nf6 2. g3 e5 3. Bg2 c6 4. Nf3 e4 5. Nd4 d5 
6. cxd5 cxd5 7. d3 Bc5 8. Nb3 Bb4+ 9. Bd2 Bxd2+ 10. Qxd2 Qe7 
11. Nc3 O-O 12. O-O Nc6 13. Rad1 Be6 14. dxe4 dxe4 15. Nd4 Bd7 
16. Ndb5 e3 17. Qxe3 Qxe3 18. fxe3 Ne5 19. Nd6 Bc6 20. h3 Rab8 
21. b3 h6 22. Rf5 Nfd7 23. Nd5 f6 24. Rc1 Rfd8 25. Ne7+ Kf8 
26. Nxc6 bxc6 27. Rf4 Nb6 28. Rd4 Nd5 29. Nc4 Nxc4 30. Rdxc4 Nxe3 
31. Rxc6 Nf5 32. Kf2 Nd4 33. Rc7 Nb5 34. R7c5 Ke7 35. Bd5 Rb6 
36. e4 Nd6 37. Ke3 Rd7 38. Rc7 Kd8 39. Rxd7+ Kxd7 40. Rc5 Ra6 
41. a4 Rb6 42. Kd3 Ne8 43. Kc4 Nd6+ 44. Kc3 Ne8 45. b4 a6 
46. a5 Rb8 47. b5 axb5 48. a6 Nc7 49. a7 Rc8 50. Bb7 Kd6 
51. Rc6+ Kd7 52. Kb3 Re8 53. Rxc7+ Kxc7 54. a8=Q Rxa8 55. Bxa8 Kd6 
56. Kc3 Ke5 57. Kd3 f5 58. exf5 Kxf5 59. Kd4 h5 60. Be4+ Kg5 
61. Ke5 b4 62. Bc2 g6 63. Bb3 Kh6 64. Kf6 Kh7 65. Bc4 Kh6 
66. Bf7 h4 67. g4 g5 68. Bb3 Kh7 69. Kxg5 1-0

[Event "Copenhagen Chess Challenge GM 2024"]
[Site "Ballerup"]
[Date "2024.08.10"]
[Round "6.3"]
[Board "3"]
[White "Hector, Jonny"]
[Black "Kjartansson, Gudmundur"]
[Result "1/2-1/2"]
[WhiteElo "2438"]
[BlackElo "2474"]
[EventDate "2024.08.07"]
[EventType "tourn"]
[EventRounds "9"]
[EventCountry "DEN"]
[SourceTitle "Live v. Michael Andersen"]

1. e4 c5 2. Nf3 d6 3. d4 cxd4 4. Nxd4 Nf6 5. Nc3 a6 
6. Bg5 e6 7. f4 Be7 8. Qf3 Qc7 9. O-O-O Nbd7 10. g4 h6 
11. Bh4 g5 12. e5 dxe5 13. fxg5 hxg5 14. Bg3 Qc5 15. Nb3 Qc6 
16. Qe2 Nd5 17. Nxd5 exd5 18. Bg2 Qc4 19. Qxc4 dxc4 20. Na5 c3 
21. b3 Rb8 22. Nc4 f6 23. Nd6+ Bxd6 24. Rxd6 Ke7 25. Rd3 Nf8 
26. h3 Ne6 27. Rxc3 Nd4 28. Re1 Bd7 29. Ree3 Bc6 30. Bf1 Bb5 
31. Rc7+ Kd6 32. Rf7 Ke6 33. Rxf6+ Kxf6 34. Bxe5+ Kg6 35. c4 Bc6 
36. Bxd4 Rbe8 37. Bd3+ Kf7 38. Rg3 Rh6 39. Be3 Kf6 40. Kd2 Be4 
41. Bxe4 Rxe4 42. Kd3 Re7 43. Rf3+ Kg6 44. Bd4 Re6 45. c5 Rh7 
46. Kc4 Rd7 47. b4 Rf7 48. Rd3 Rd7 49. a4 Kf7 50. b5 axb5+ 
51. axb5 Ke8 52. Be3 Rxd3 53. Kxd3 Rh6 54. Ke4 Rxh3 55. Bxg5 Rg3 
56. c6 bxc6 57. bxc6 Rxg4+ 58. Bf4 Kd8 59. c7+ Kc8 60. Kf5 Rxf4+ 
61. Kxf4 Kxc7 1/2-1/2

[Event "Copenhagen Chess Challenge GM 2024"]
[Site "Ballerup"]
[Date "2024.08.10"]
[Round "6.4"]
[Board "4"]
[White "Haubro, Martin"]
[Black "Vinther Schou, Uffe"]
[Result "1-0"]
[WhiteElo "2390"]
[BlackElo "2340"]
[EventDate "2024.08.07"]
[EventType "tourn"]
[EventRounds "9"]
[EventCountry "DEN"]
[SourceTitle "Live v. Michael Andersen"]

1. e4 c5 2. Nf3 e6 3. d4 cxd4 4. Nxd4 Nc6 5. Nc3 a6 
6. Be2 Qc7 7. O-O Nf6 8. Be3 Be7 9. f4 d6 10. Qe1 Bd7 
11. a3 O-O 12. Qg3 Kh8 13. Kh1 Rac8 14. Nf3 b5 15. e5 Ne8 
16. Ne4 f5 17. exf6 Nxf6 18. Bd3 Nh5 19. Qh3 g6 20. g4 e5 
21. Neg5 Bxg5 22. Nxg5 exf4 23. Nxh7 Bxg4 24. Qxg4 Ne5 25. Bd4 Qxh7 
26. Bxg6 Qb7+ 27. Rf3 Nf6 28. Qh3+ Nh7 29. Bxh7 Qxh7 30. Rg1 Rc7 
31. Qe6 Re7 32. Qxd6 Rfe8 33. Qf6+ 1-0

[Event "Copenhagen Chess Challenge GM 2024"]
[Site "Ballerup"]
[Date "2024.08.10"]
[Round "6.5"]
[Board "5"]
[White "Hacker, Jonas"]
[Black "Nielsen, Viktor Haarmark"]
[Result "0-1"]
[WhiteElo "2380"]
[BlackElo "2363"]
[EventDate "2024.08.07"]
[EventType "tourn"]
[EventRounds "9"]
[EventCountry "DEN"]
[SourceTitle "Live v. Michael Andersen"]

1. d4 Nf6 2. c4 c5 3. d5 b5 4. cxb5 a6 5. bxa6 g6 
6. Nc3 Bg7 7. e4 O-O 8. a7 Rxa7 9. Nf3 Qb6 10. Be2 Ba6 
11. O-O d6 12. Qc2 Nbd7 13. a4 Qb4 14. Bxa6 Rxa6 15. Qe2 Rfa8 
16. e5 dxe5 17. Nxe5 Nxe5 18. Qxe5 e6 19. dxe6 Rxe6 20. Qf4 c4 
21. a5 Rc6 22. Qf3 Rca6 23. Rd1 h5 24. h3 Kh7 25. Nd5 Nxd5 
26. Qxd5 Rxa5 27. Rxa5 Rxa5 28. Qxf7 Ra1 29. Kh2 Qf8 30. Qxf8 Bxf8 
31. Rd7+ Kg8 32. Be3 Bg7 33. Rd8+ Kf7 34. Rd7+ Kg8 35. Rd8+ Kf7 
36. Rd7+ 0-1

[Event "Copenhagen Chess Challenge GM 2024"]
[Site "Ballerup"]
[Date "2024.08.10"]
[Round "7.1"]
[Board "1"]
[White "Vinther Schou, Uffe"]
[Black "Kistrup, Nicolai"]
[Result "1/2-1/2"]
[WhiteElo "2340"]
[BlackElo "2363"]
[EventDate "2024.08.07"]
[EventType "tourn"]
[EventRounds "9"]
[EventCountry "DEN"]
[SourceTitle "Live v. Michael Andersen"]

1. c4 e5 2. Nc3 Nf6 3. Nf3 Nc6 4. g3 Bb4 5. Nd5 e4 
6. Nh4 O-O 7. Bg2 d6 8. Nxb4 Nxb4 9. a3 Na6 10. d3 exd3 
11. Qxd3 Nc5 12. Qc2 a5 13. a4 Qe7 14. O-O Bd7 15. b3 Rae8 
16. Re1 Nfe4 17. Be3 Qe5 18. Rad1 Bc6 19. Bd4 Qh5 20. f3 Ng5 
21. Nf5 f6 22. h4 Nge6 23. Bf2 b6 24. e4 Ba8 25. Qc3 Nd7 
26. g4 Qf7 27. h5 Ne5 28. Bg3 Nc5 29. Re3 Kh8 30. Rde1 Qd7 
31. Bh3 Nxf3+ 32. Rxf3 Nxe4 33. Rxe4 Rxe4 34. Re3 Qe6 35. Bg2 Rxe3 
36. Qxe3 Qd7 37. h6 g6 38. Qe7 Qxe7 39. Nxe7 Bxg2 40. Kxg2 Rf7 
41. Nc6 Kg8 42. Kf3 f5 43. g5 Rd7 44. Ke3 Kf7 45. Bf4 Ke6 
46. Kd4 d5 47. c5 bxc5+ 48. Kxc5 d4 49. Nxd4+ Kf7 50. Be5 Ke8 
51. Nc6 Rd1 52. Nxa5 Kd7 53. Nc4 Rf1 54. Ne3 Rf3 55. Nd5 Rxb3 
56. Bxc7 Rb2 57. Bf4 Rc2+ 58. Kd4 Ke6 59. Nf6 Ra2 60. Nxh7 Rxa4+ 
61. Ke3 Ra3+ 62. Kf2 Ra2+ 63. Kf3 Ra3+ 64. Be3 Ra8 65. Nf6 Rb8 
66. h7 Rh8 67. Kf4 Kd6 68. Bd4 Ke6 69. Bc3 Kf7 70. Ke3 Ke6 
71. Bb2 Kf7 72. Be5 Ke6 73. Bd4 Kf7 74. Kd3 Ke6 75. Kc4 Rc8+ 
76. Bc5 Rh8 77. Kd4 Rd8+ 78. Ke3 Rh8 79. Kf4 Kf7 80. Bd4 Ke6 
81. Bc3 Kf7 82. Bb4 Ke6 83. Bf8 Kf7 84. Bh6 Ra8 85. Ng8 Rxg8 
86. hxg8=Q+ Kxg8 87. Ke5 Kf7 88. Kd5 Kg8 89. Kd4 Kf7 90. Ke5 Kg8 
1/2-1/2

[Event "Copenhagen Chess Challenge GM 2024"]
[Site "Ballerup"]
[Date "2024.08.10"]
[Round "7.2"]
[Board "2"]
[White "Kunin, Vitaly"]
[Black "Hector, Jonny"]
[Result "1-0"]
[WhiteElo "2523"]
[BlackElo "2438"]
[EventDate "2024.08.07"]
[EventType "tourn"]
[EventRounds "9"]
[EventCountry "DEN"]
[SourceTitle "Live v. Michael Andersen"]

1. d4 d5 2. c4 c6 3. Nf3 Nf6 4. Qb3 dxc4 5. Qxc4 Bf5 
6. Nc3 e6 7. g3 Be7 8. Bg2 O-O 9. O-O Nbd7 10. Re1 Bg6 
11. a4 Rc8 12. Qb3 c5 13. d5 c4 14. Qd1 Nc5 15. Ne5 Nb3 
16. Nxg6 hxg6 17. Rb1 exd5 18. Nxd5 Bc5 19. Rf1 Qa5 20. Bg5 Rfd8 
21. e4 Nxd5 22. exd5 Qxa4 23. Bxd8 Rxd8 24. Qg4 b5 25. h4 Qa6 
26. Rbd1 Qf6 27. d6 Rxd6 28. Rxd6 Bxd6 29. Re1 Qf5 30. Qd1 Qc5 
31. Re8+ Bf8 32. Qd7 1-0

[Event "Copenhagen Chess Challenge GM 2024"]
[Site "Ballerup"]
[Date "2024.08.10"]
[Round "7.3"]
[Board "3"]
[White "Kjartansson, Gudmundur"]
[Black "Haubro, Martin"]
[Result "1-0"]
[WhiteElo "2474"]
[BlackElo "2390"]
[EventDate "2024.08.07"]
[EventType "tourn"]
[EventRounds "9"]
[EventCountry "DEN"]
[SourceTitle "Live v. Michael Andersen"]

1. d4 Nf6 2. Nf3 d5 3. c4 e6 4. g3 Bb4+ 5. Bd2 Be7 
6. Bg2 Nbd7 7. Qc2 c6 8. Bf4 O-O 9. O-O a5 10. Rd1 a4 
11. h4 Qa5 12. Nbd2 Nh5 13. Ng5 Ndf6 14. Be3 h6 15. Bf3 c5 
16. Bxh5 hxg5 17. Bxg5 cxd4 18. cxd5 Nxd5 19. Nf3 Nb4 20. Qc4 f6 
21. Bd2 Qxh5 22. Bxb4 Bxb4 23. Qxb4 e5 24. Rac1 Rf7 25. Rc5 Bf5 
26. Qb5 d3 27. Rxd3 Bxd3 28. Qxd3 Qg4 29. Rc4 Qe6 30. a3 Rd7 
31. Qc2 Rad8 32. Kg2 b5 33. Rb4 Rb7 34. h5 f5 35. Qc5 Qd5 
36. Qe3 Re8 37. Qg5 Qe6 38. Nh4 Rf8 39. Ng6 Rf6 40. Qe3 e4 
41. Qc5 Qd7 42. Rd4 Qe8 43. Qd5+ Rff7 44. Ne5 Kh7 45. Nxf7 Rxf7 
46. Rb4 Rf6 47. Qxb5 Qxh5 48. Rxe4 1-0

[Event "Copenhagen Chess Challenge GM 2024"]
[Site "Ballerup"]
[Date "2024.08.10"]
[Round "7.4"]
[Board "4"]
[White "Jogstad, Martin"]
[Black "Hacker, Jonas"]
[Result "0-1"]
[WhiteElo "2383"]
[BlackElo "2380"]
[EventDate "2024.08.07"]
[EventType "tourn"]
[EventRounds "9"]
[EventCountry "DEN"]
[SourceTitle "Live v. Michael Andersen"]

1. d4 Nf6 2. Nf3 e6 3. g3 c5 4. Bg2 cxd4 5. O-O d5 
6. Nxd4 e5 7. Nb3 a5 8. Bg5 Be6 9. Nc3 a4 10. Nc1 d4 
11. Ne4 Be7 12. Nxf6+ gxf6 13. Bh6 Nc6 14. a3 Qd7 15. Nd3 Bh3 
16. e4 dxe3 17. Bxe3 Bxg2 18. Kxg2 h5 19. Nc5 Qc8 20. h4 f5 
21. f4 e4 22. b3 Bxc5 23. Bxc5 Qe6 24. Qd2 axb3 25. cxb3 Rd8 
26. Qc3 f6 27. Rfd1 Kf7 28. Bb6 Rc8 29. Qc4 Ne7 30. Qxe6+ Kxe6 
31. Rd2 Rc6 32. Bd4 Rhc8 33. Kf2 Rc1 34. Rxc1 Rxc1 35. Be3 Rb1 
36. Rd8 Rb2+ 37. Ke1 Nc6 38. Re8+ Kd5 39. b4 Rb3 40. Bc5 Rxg3 
41. Rf8 Rf3 42. Rxf6 Rxf4 43. Rf7 b5 44. Rd7+ Kc4 45. Rc7 Kd5 
46. Rd7+ Ke5 47. Rd6 Nb8 48. Rh6 Rxh4 49. Bd6+ Kd4 50. Bxb8 Ke3 
51. Kf1 Kf3 52. Kg1 e3 53. Ba7 Rg4+ 54. Kf1 e2+ 55. Ke1 Rc4 
56. Be3 Kxe3 57. Re6+ Kf3 58. Rxe2 Re4 59. Rxe4 Kxe4 0-1

[Event "Copenhagen Chess Challenge GM 2024"]
[Site "Ballerup"]
[Date "2024.08.10"]
[Round "7.5"]
[Board "5"]
[White "Nielsen, Viktor Haarmark"]
[Black "Jacobsen, Mikkel Manosri"]
[Result "0-1"]
[WhiteElo "2363"]
[BlackElo "2276"]
[EventDate "2024.08.07"]
[EventType "tourn"]
[EventRounds "9"]
[EventCountry "DEN"]
[SourceTitle "Live v. Michael Andersen"]

1. e4 c6 2. Nf3 d5 3. d3 dxe4 4. dxe4 Qxd1+ 5. Kxd1 Nf6 
6. Nfd2 h5 7. f3 g5 8. e5 Nd5 9. Ne4 Bg7 10. Bxg5 Bxe5 
11. Kc1 Bf5 12. Nbc3 Nd7 13. g3 O-O-O 14. Be2 N7f6 15. Nxd5 Nxd5 
16. Bd3 Bh3 17. Bd2 f6 18. Re1 h4 19. Ng5 Bd7 20. f4 fxg5 
21. fxe5 hxg3 22. hxg3 Rh3 23. e6 Be8 24. g4 Nf4 25. Bf5 c5 
26. b3 Bc6 27. Bxf4 gxf4 28. Kb2 Rg3 29. Rad1 Bf3 30. Rxd8+ Kxd8 
31. Rf1 Kc7 32. Rf2 Kd6 33. Rd2+ Ke5 34. Rd7 Kf6 35. Rc7 Bxg4 
0-1

[Event "Copenhagen Chess Challenge GM 2024"]
[Site "Ballerup"]
[Date "2024.08.11"]
[Round "8.1"]
[Board "1"]
[White "Kistrup, Nicolai"]
[Black "Kjartansson, Gudmundur"]
[Result "1-0"]
[WhiteElo "2363"]
[BlackElo "2474"]
[EventDate "2024.08.07"]
[EventType "tourn"]
[EventRounds "9"]
[EventCountry "DEN"]
[SourceTitle "Live v. Michael Andersen"]

1. e4 e5 2. Nf3 Nc6 3. Bc4 Bc5 4. O-O Nf6 5. d3 O-O 
6. c3 d6 7. Re1 a6 8. a4 h6 9. h3 Ba7 10. Nbd2 Ne7 
11. Nf1 c6 12. Ng3 Ng6 13. d4 exd4 14. cxd4 d5 15. exd5 Nxd5 
16. b3 b5 17. Bd3 Nge7 18. Ba3 b4 19. Bb2 Nf4 20. Be4 Ned5 
21. Ne5 Bb7 22. Rc1 Rc8 23. Qf3 g6 24. Ne2 Ne6 25. Qd3 Ng7 
26. Rc2 Re8 27. Qf3 Rc7 28. Rec1 Bb8 29. Bxd5 Rxe5 30. dxe5 cxd5 
31. Rxc7 Bxc7 32. Nd4 Bb6 33. Nc6 Qg5 34. Qf6 Ne6 35. Ne7+ Kf8 
36. Qxg5 hxg5 37. Nc8 Bc5 38. Nd6 Bc6 39. Bd4 Bxd4 40. Rxc6 Bxe5 
41. Rxa6 Nc5 42. Rb6 Ke7 43. Nb7 Nd3 44. a5 Bd4 45. Rb5 Bxf2+ 
46. Kf1 Ba7 47. Rxd5 Nc1 48. Nc5 Bxc5 49. Rxc5 Nxb3 50. a6 Nxc5 
51. a7 f5 52. a8=Q Ne4 53. Qg8 b3 54. Qxg6 b2 55. Qg7+ Ke6 
56. Qxb2 Nf6 57. Qb3+ 1-0

[Event "Copenhagen Chess Challenge GM 2024"]
[Site "Ballerup"]
[Date "2024.08.11"]
[Round "8.2"]
[Board "2"]
[White "Haubro, Martin"]
[Black "Kunin, Vitaly"]
[Result "0-1"]
[WhiteElo "2390"]
[BlackElo "2523"]
[EventDate "2024.08.07"]
[EventType "tourn"]
[EventRounds "9"]
[EventCountry "DEN"]
[SourceTitle "Live v. Michael Andersen"]

1. e4 c5 2. Nf3 g6 3. c3 d5 4. e5 a6 5. d4 Nc6 
6. Be2 Bg7 7. O-O f6 8. exf6 Nxf6 9. Nbd2 O-O 10. Re1 Qc7 
11. Bf1 cxd4 12. cxd4 Ng4 13. h3 Nxf2 14. Kxf2 Bxd4+ 15. Ke2 Qg3 
16. Qb3 e6 17. Kd1 Bf2 18. Re2 Bd7 19. Qxb7 Ra7 20. Qb3 Rc7 
21. Ne1 Qd6 22. Ndf3 Na5 23. Qd3 Bb5 24. Qd2 Ba4+ 25. b3 Nxb3 
26. axb3 Bxb3+ 27. Nc2 Rxc2 28. Qxc2 Bxc2+ 29. Rxc2 Rxf3 30. gxf3 Qe5 
31. Rxf2 Qxa1 32. f4 a5 33. Rf3 Qd4+ 34. Ke1 Kf7 35. Be2 Qg1+ 
36. Kd2 Qd4+ 37. Ke1 Kf6 38. Ra3 Qg1+ 39. Bf1 Qc5 40. Kd1 Qb4 
41. Be2 Qb6 42. Kc2 h6 43. Rf3 a4 44. Bb2+ Kf7 45. Bc1 Qb4 
46. Ra3 Qe4+ 47. Kd1 Qd4+ 48. Kc2 Qa7 49. Bd1 Kf6 50. Kb1 g5 
51. fxg5+ hxg5 52. Bxa4 e5 53. Bc2 Qb6+ 54. Rb3 Qg1 55. Rf3+ Ke6 
56. Rf5 g4 57. Rg5 g3 58. Rg6+ Kf7 59. Kb2 g2 60. Bd2 Qf2 
61. Be3 Qxe3 62. Rxg2 Qxh3 63. Rd2 d4 0-1

[Event "Copenhagen Chess Challenge GM 2024"]
[Site "Ballerup"]
[Date "2024.08.11"]
[Round "8.3"]
[Board "3"]
[White "Hector, Jonny"]
[Black "Nielsen, Viktor Haarmark"]
[Result "1/2-1/2"]
[WhiteElo "2438"]
[BlackElo "2363"]
[EventDate "2024.08.07"]
[EventType "tourn"]
[EventRounds "9"]
[EventCountry "DEN"]
[SourceTitle "Live v. Michael Andersen"]

1. e4 c5 2. Nf3 g6 3. d4 cxd4 4. Nxd4 Bg7 5. Nc3 Nc6 
6. Be3 Nf6 7. Bc4 Qa5 8. O-O O-O 9. Nd5 Nxd5 10. exd5 Nxd4 
11. Bxd4 e5 12. dxe6 dxe6 13. Bxg7 Kxg7 14. Re1 Rd8 15. Qf3 Qc5 
16. Bb3 a5 17. a4 Ra6 18. h4 Rad6 19. Qg3 b6 20. Re5 Rd1+ 
21. Kh2 Qb4 22. Rxd1 Rxd1 23. h5 Qd2 24. Re3 Qd6 25. Rc3 Bd7 
26. hxg6 hxg6 27. Qxd6 Rxd6 28. Rc7 g5 29. c4 Rd3 30. c5 Rxb3 
31. Rxd7 Rxb2 32. cxb6 Rxb6 33. Ra7 Rb2 34. f3 g4 35. Kg3 gxf3 
36. gxf3 Ra2 37. Rxa5 f5 38. f4 Ra3+ 39. Kf2 Kg6 40. Ra6 Kh5 
41. Rxe6 1/2-1/2

[Event "Copenhagen Chess Challenge GM 2024"]
[Site "Ballerup"]
[Date "2024.08.11"]
[Round "8.4"]
[Board "4"]
[White "Hacker, Jonas"]
[Black "Jacobsen, Mikkel Manosri"]
[Result "1-0"]
[WhiteElo "2380"]
[BlackElo "2276"]
[EventDate "2024.08.07"]
[EventType "tourn"]
[EventRounds "9"]
[EventCountry "DEN"]
[SourceTitle "Live v. Michael Andersen"]

1. d4 d5 2. c4 c6 3. Nc3 Nf6 4. e3 a6 5. Nf3 e6 
6. b3 Bb4 7. Bd2 Nbd7 8. Bd3 Qe7 9. O-O O-O 10. Qc2 e5 
11. dxe5 Nxe5 12. Nxe5 Qxe5 13. Nxd5 Nxd5 14. cxd5 Bxd2 15. Qxd2 Qxd5 
16. Qc2 g6 17. Rfd1 Qe5 18. Be4 Bg4 19. Re1 Rad8 20. h3 Be6 
21. Rad1 Qa5 22. Rf1 Rxd1 23. Rxd1 Rd8 24. Rxd8+ Qxd8 25. Kh2 Qd6+ 
26. g3 a5 27. h4 a4 28. bxa4 Qa3 29. h5 Qxa2 30. Qxa2 Bxa2 
31. a5 Bc4 32. h6 f5 33. Bc2 Kf7 34. e4 fxe4 35. Bxe4 Be6 
36. f4 Bf5 37. Bf3 Bd3 38. Kg1 g5 39. fxg5 Kg6 40. Kf2 Kxg5 
41. Ke3 Ba6 42. Kd4 Kxh6 43. Kc5 Kg5 44. Kb6 h5 45. Bxc6 Kg4 
46. Bxb7 Be2 47. Ba6 Bf3 48. Bc8+ Kxg3 49. a6 h4 50. Bb7 h3 
51. Bxf3 Kxf3 52. a7 Kg2 53. a8=Q+ Kg1 54. Qa1+ Kg2 55. Qb2+ Kg1 
56. Qc1+ Kg2 57. Qd2+ Kg1 58. Qe1+ Kg2 59. Qe2+ Kh1 60. Qf2 h2 
61. Qf1# 1-0

[Event "Copenhagen Chess Challenge GM 2024"]
[Site "Ballerup"]
[Date "2024.08.11"]
[Round "8.5"]
[Board "5"]
[White "Jogstad, Martin"]
[Black "Vinther Schou, Uffe"]
[Result "1-0"]
[WhiteElo "2383"]
[BlackElo "2340"]
[EventDate "2024.08.07"]
[EventType "tourn"]
[EventRounds "9"]
[EventCountry "DEN"]
[SourceTitle "Live v. Michael Andersen"]

1. d4 Nf6 2. c4 e6 3. Nf3 c5 4. d5 exd5 5. cxd5 d6 
6. Nc3 g6 7. e4 Bg7 8. h3 O-O 9. Bd3 a6 10. a4 Nbd7 
11. O-O Nh5 12. Bg5 Bf6 13. Be3 Ne5 14. Be2 Nxf3+ 15. Bxf3 Ng7 
16. Qd2 Re8 17. Rab1 Qa5 18. Rfc1 Bd7 19. g4 Qb4 20. Qc2 b5 
21. axb5 axb5 22. Bd2 Qd4 23. Bg2 Qe5 24. f4 Qd4+ 25. Kh1 g5 
26. e5 dxe5 27. Ne4 Bd8 28. Bc3 Qa4 29. b3 Qa7 30. Ra1 Qb8 
31. Bxe5 Rxe5 32. Rxa8 Qxa8 33. fxe5 c4 34. bxc4 bxc4 35. Qxc4 Qa3 
36. Qc3 Qa2 37. Ra1 1-0